Yerma /

Gespeichert in:
Bibliographische Detailangaben
1. Verfasser: García Lorca, Federico (autor)
Format: Buch
Sprache:Italienisch
Veröffentlicht: Roma, Italia : Edizioni del Secolo, 1944
Schriftenreihe:(Ridotto. Teatro Straniero ; 2)
Schlagworte:
Tags: Tag hinzufügen
Keine Tags, Fügen Sie das erste Tag hinzu!

MARC

LEADER 00000nam^a2200000^a^4500
001 000105691
005 20250521000000.0
009 20260310093509.506
037 |a Acervo ITESO - Biblioteca 
041 |a ITA 
082 |a 862.  |b GAR 
100 |a García Lorca, Federico  |e (autor) 
240 1 1 |a [Yerma] 
245 1 0 |a Yerma /  |c F. García Lorca ; introd. y tr. por Ruggero Jacobbi. 
264 1 |a Roma, Italia :  |b Edizioni del Secolo,  |c 1944 
300 |a 98 p. 
336 |a texto  |b txt  |2 rdacontenido 
337 |a sin mediación  |b n  |2 rdamedio 
338 |a volumen  |b nc  |2 rdasoporte 
440 1 |a (Ridotto.  |p Teatro Straniero ;  |v 2) 
500 |a Traducción de: Yerma 
545 0 |a Federico García Lorca (Provincia de Granada, 1898-1936), poeta y dramaturgo español, con amplio reconocimiento en ambos géneros. De acuerdo con los críticos, su poesía lleva el sello de la angustia y del tormento interior, pero en cualquier caso alcanza altos niveles de lirismo, derivados de su gran oído musical. Rescató, de hecho, muchas viejas canciones andaluzas y convirtió la lírica popular en poesía de altos vuelos. Sus obras dramáticas giran en torno al amor imposible y la ambigua relación entre la realidad y el deseo. Entre sus títulos están Libro de poemas (1920-1924); Poemas de cante jondo (1921-1922); Bodas de sangre (1923); Mariana Pineda (1925), drama histórico en verso; La zapatera prodigiosa (1926); Canciones (1927); Romancero Gitano (1928); Yerma (1934); Primeras Canciones (1936); La casa de Bernarda Alba (1936); Poeta en Nueva York (1940), publicación póstuma. Murió fusilado por los franquistas, apenas iniciada la Guerra Civil. 
649 |a XX 
650 |a Mujeres en la Literatura 
650 |a Tragedia Andaluza 
650 |a Tragedia Española 
650 |a Teatro Andaluz 
650 |a Teatro Español 
650 |a Literatura Andaluza -  |y Siglo XX 
650 |a Literatura Española -  |y Generación del 27 
650 |a Literatura Española -  |y Siglo XX 
650 |a Esterilidad en la Literatura 
650 |a Maternidad en la Literatura 
650 |a Uxoricidio en la Literatura 
910 |a Fondo Jesús Rodríguez 
920 |a Impresos - Libros 
930 |a Fondos Especiales 
940 |a Literatura 
905 |a 113 
901 |a 0500041594  |b IT2  |c ESP  |u 20250521 
902 |a https://opac.biblio.iteso.mx/vufind/Record/000105691